Hidrologia médica de Galicia ó sea Noticia de las aguas minero-medicinales de las cuatro provincias de este antiguo reino (Record no. 165960)

MARC details
000 -LEADER
campo de control de longitud fija 00730nam a22001815i 4500
001 - NÚMERO DE CONTROL
campo de control 165960
003 - IDENTIFICADOR DE NÚMERO DE CONTROL
campo de control ES-MaACL
005 - FECHA Y HORA DE LA ÚLTIMA TRANSACCIÓN
campo de control 20250627063659.0
008 - DATOS DE LONGITUD FIJA--INFORMACIÓN GENERAL
campo de control de longitud fija 950111s1877 sp |||| | spa d
040 ## - FUENTE DE CATALOGACIÓN
Centro catalogador/agencia de origen PAB
Lengua de catalogación spa
100 1# - ENTRADA PRINCIPAL--NOMBRE DE PERSONA
Nombre de persona Taboada y Leal, Nicolás,
Fechas asociadas al nombre 1798-1883
9 (RLIN) 133101
245 10 - MENCIÓN DEL TÍTULO
Título Hidrologia médica de Galicia ó sea Noticia de las aguas minero-medicinales de las cuatro provincias de este antiguo reino
Resto del título : dividida en dos partes... /
Mención de responsabilidad, etc. por Nicolás Taboada Leal...
260 ## - PUBLICACIÓN, DISTRIBUCIÓN, ETC.
Lugar de publicación, distribución, etc. Madrid :
Nombre del editor, distribuidor, etc. [s.n.],
Fecha de publicación, distribución, etc. 1877 (
Fabricante Establecimiento Tipográfico de Pedro Nuñez)
300 ## - DESCRIPCIÓN FÍSICA
Extensión 369 p. ;
Dimensiones 22 cm.
650 #4 - PUNTO DE ACCESO ADICIONAL DE MATERIA--TÉRMINO DE MATERIA
Término de materia o nombre geográfico como elemento de entrada Aguas minerales-
Subdivisión geográfica Galicia.
9 (RLIN) 135525
852 ## - LOCALIZACIÓN
Ubicación ES-MaACL
Número de control de estantería G-2605
Nota libre -- Rúst.
Holdings
Estatus retirado Estado de pérdida Estado de daño No para préstamo Colección Biblioteca de origen Biblioteca actual Ubicación en estantería Fecha de adquisición Fuente de adquisición Total de préstamos Signatura topográfica completa Código de barras Visto por última vez Precio de reemplazo Tipo de ítem Koha
        Libros del s. XIX Biblioteca del Ateneo de Madrid Biblioteca del Ateneo de Madrid Depósito 2 17/01/2008     G-2605 1174046 23/02/2023 23/02/2023 Libro impreso antiguo